| 000 | 00887nam a22002537i 4500 | ||
|---|---|---|---|
| 003 | DO-SdBNP | ||
| 005 | 20240405111526.0 | ||
| 007 | ta | ||
| 008 | 240405b2023 dr a|||| |||| 00| 0 spa d | ||
| 020 | _a9789945940305 | ||
| 040 |
_aDO-SdBNP _bspa _cBNPHU _erda |
||
| 100 | 1 |
_aNúñez de Pérez, Noelia del Carmen, _d1980- _eautor _985143 |
|
| 245 | 1 | 0 |
_aEl vuelo de la mariposa / _cNoelia del Carmen Núñez de Pérez. |
| 264 | 1 |
_aSanto Domingo : _bImpreso en Printbarato, _c2023. |
|
| 300 |
_a150 páginas : _bilustraciones, _c23 cm. |
||
| 336 |
_2rdacontent _atexto _btxt |
||
| 337 |
_2rdamedia _asin mediación _bn |
||
| 338 |
_2rdacarrier _avolumen _bnc |
||
| 500 | _aIncluye datos biográficos de la autora en la contracubierta. | ||
| 500 | _aCamina conmigo hacia la transformación y libertad del alma | ||
| 590 | _aInventariado, 2024 /LP | ||
| 910 | _aLP | ||
| 942 |
_2ddc _cLBS1 |
||
| 999 |
_c56265 _d56265 |
||